Konjunktiv II - Statistiken

Allgemein
  • Dieses Quiz wurde 51 mal gespielt
  • Das Durchschnittsergebnis liegt bei 10 aus 30
Antwortstatistiken
Hint Antwort % Korrekt
beginnen begänne
69%
frieren fröre
56%
befehlen beföhle
53%
fliegen flöge
50%
melken mölke
50%
bitten bäte
47%
bewegen bewöge
44%
ziehen zöge
44%
binden bände
42%
brechen bräche
42%
bringen brächte
39%
genesen genäse
39%
wringen wränge
39%
beißen biss
36%
sterben stürbe
36%
fechten föchte
33%
waschen wüsche
33%
denken dächte
31%
hauen hiebe
31%
raten riete
31%
blasen bliese
28%
backen büke
28%
bergen bärge
25%
trügen tröge
25%
gären göre
22%
braten briete
19%
schaffen schüfe
19%
saufen söffe
17%
werben würbe
17%
stecken stäke
3%
Keine übereinstimmenden Quizze gefunden
Verteilung der Resultate
Anzahl Personen mit jedem Resultat
Perzentil nach korrekt beantworteten Fragen
Ihre Resultats-Entwicklung
Sie haben dieses Quiz noch nicht gespielt